000 00758nam a2200265Ia 4500
003 OSt
005 20221006140834.0
006 a|||||r|||| 00| 0
007 ta
008 221006b |||||||| |||| 00| 0 eng d
020 _cP 96.00
024 _a749
037 _b501, 14/09/2000, GBC
_cTextual
040 _aEASL
_cEASL
_beng
041 _2eng
_aeng
082 _aY.1, N4
100 _aMOHAN Raj P Ed.
_9471731
245 0 _aInrternational handbook of contemporary development in sociology
260 _aLondon
_bMansell
_c1994
300 _a837p.
_ccm.
490 _v Oth
700 _a WILKE Arthur S Ed.
942 _hY.1, N4
_cTEXL
_2CC
999 _c1068835
_d1068835